000 00624nam a2200217Ia 4500
003 OSt
005 20220928135343.0
006 a|||||r|||| 00| 0
007 ta
008 220927b |||||||| |||| 00| 0 eng d
024 _a1437
037 _cTextual
040 _aSDCL
_cSDCL
_beng
041 _2eng
_aeng
082 _aX:328.58'N05<-M55, M1
100 _aOwen Thomas C
_9489978
245 0 _aCapitalism and politics in Russia
_b A social history of the Moscow merchants, 1855-1905
260 _c1981
942 _hX:328.58'N05<-M55, M1
_cTEXL
_2CC
999 _c805287
_d805287